01483nam a2200373 i 450000100060000000300080000600500170001400600190003100700150005000800410006502000280010602000180013403500220015204000310017405000210020508000140022608200150024010000380025524000290029324501150032226400560043730000760049333600310056933700330060033800430063358800830067659001620075965000450092165000180096665500270098479700180101185600630102999900170109223892FINmELB20241216214126.0m o u cr cn|||||||||201009s2015 sp a o 001 0 spa d a9788416654352q(e-book) z9788416004751 a(OCoLC)1200507976 aFINmELBbspaerdacFINmELB14aQR46b.C676 2015 a579(076.)04a616.012231 aCornelissen, Cynthia Nau,eautor.10aMicrobiology.lEspañol10aMicrobiología :bmemorama /cCynthia Nau Cornelissen ; [traducción, Silvia Esperanza Suárez Martínez]. 1aL'Hospitalet de Llobregat :bWolters Kluwer,c2015. a1 recurso en línea (420 páginas) (pag. var.) :bilustraciones color atextobtxt2rdacontent/spa acomputadorabc2rdamedia/spa arecurso en líneabcr2rdacarrier/spa aDescripción basada en metadatos suministrados por el editor y otras fuentes. aRecurso electrónico. Santa Fe, Arg.: elibro, 2020. Disponible vía World Wide Web. El acceso puede estar limitado para las bibliotecas afiliadas a elibro. 4aMicrobiologíavPreguntas y respuestas. 0aMicrobiology. 4aLibros electrónicos.2 aelibro, Corp.40uhttps://elibro.net/ereader/politecnicointernacional/125906 c23892d23892